000 00448nam a2200181Ia 4500
001 738
005 20260306140540.0
008 260306t2006||||xx |||||||||||||| ||spa||
041 _aESP
082 _a158.4
_bW57
100 _aWilliams, Pat
_eAUT
245 0 _aLa paradoja del poder:
_buna nueva perspectiva sobre el liderazgo
260 _c2006
300 _a259 páginas :
_c21cm.
650 _aGEN
654 _aCPS
942 _cLIB
_dJUS
_fJUS
_2ddc
_n
999 _c738
_d738